Statistics for Countries With Atolls

Click here to take the quiz!

General Stats

  • This quiz has been taken 3,637 times
    (2,563 since last reset)
  • The average score is 27 of 31

Answer Stats

Country% Correct
Australia
98%
United States
98%
Indonesia
97%
Japan
95%
New Zealand
95%
Marshall Islands
93%
India
92%
Solomon Islands
92%
China
91%
Kiribati
91%
Philippines
91%
Tuvalu
91%
Vanuatu
91%
F. S. Micronesia
90%
United Kingdom
89%
Brazil
88%
France
87%
Mexico
87%
Papua New Guinea
87%
Maldives
85%
Vietnam
85%
Venezuela
84%
Seychelles
83%
Bahamas
80%
Colombia
80%
Mauritius
80%
Madagascar
79%
Comoros
78%
Taiwan
75%
Belize
58%
Honduras
54%

Score Distribution

Percentile by Number Answered

Percent of People with Each Score

Your Score History

You have not taken this quiz since the last reset